| 000 | 00968nam a22002657a 4500 | ||
|---|---|---|---|
| 003 | DO-SdBNP | ||
| 005 | 20220607084416.0 | ||
| 007 | ta | ||
| 008 | 110301s2021 dr c 000 0 spa d | ||
| 040 |
_aDO-SdBNP _bspa _cBNPHU |
||
| 082 |
_axxxx _bxxx |
||
| 110 |
_aFederación Dominicana de Municipios _981790 |
||
| 245 | 0 | 0 |
_aLogros de Fedomu 2021 / _cpresidente Kelvin Cruz ; redacción Cintya Aquino, Félix Santos, Juan Luis Pimentel, Laura Indhira Reyes ; fotografías Jonathan Aquino |
| 260 |
_aSanto Domingo : _bFederación Dominicana de Municipios. _c2021. |
||
| 300 |
_a68 p. : _bretr. _c23 cm. |
||
| 590 | _aInventariado, 2022/ YL | ||
| 700 | 1 | 2 |
_aCruz, Kelvin _epres. _981450 |
| 700 | 1 | 2 |
_aAquino, Cintya _eredac. _981451 |
| 700 | 1 | 2 |
_aSantos, Félix _eredac. _96962 |
| 700 | 1 | 2 |
_aPimentel, Juan Luis _eredac. _981452 |
| 700 | 1 | 2 |
_aReyes, LLaura Indhira _eredac. _981453 |
| 700 | 1 | 2 |
_aAquino, Jonathan _efot. _981454 |
| 910 | _aYLockward | ||
| 942 |
_2ddc _cLBS1 |
||
| 999 |
_c51523 _d51523 |
||